| 000 | 00380cam a22001217a 4500 | ||
|---|---|---|---|
| 008 | 180718b1968 xxu||||| |||| 00| 0 eng d | ||
| 082 | _aA81x54 In2/61/Vol 1/Pt 1 C/1 | ||
| 100 | _aCensus of India 1961 | ||
| 245 | _aIndia: subsidiary tables | ||
| 260 |
_aDelhi _bThe Manager of Publications _c1968 |
||
| 300 | _a617+p. | ||
| 440 | _aCensus of India 1961. Volume I, India. Part I-C (i) | ||
| 999 |
_c483975 _d483975 |
||